| 000 | 01480nam a22002177a 4500 | ||
|---|---|---|---|
| 005 | 20220421115706.0 | ||
| 008 | 220304b ||||| |||| 00| 0 eng d | ||
| 020 | _a9781138705791 | ||
| 040 | _cAL | ||
| 041 | _aeng | ||
| 082 |
_223 _a519.535 _bCHAI |
||
| 100 |
_aChristopher Chatfield _922760 |
||
| 245 | _aIntroduction to multivariate analysis | ||
| 260 |
_aLondon _bChapman & Hall CRC _c2017 |
||
| 300 |
_ax,246p. _bPB _c22.5x15cm. |
||
| 365 |
_2General _aVBI-1350 _b₹746.25 _c₹ _d₹995.00 _e25% _f21-02-2022 |
||
| 520 | _aThis book provides an introduction to the analysis of multivariate data.It describes multivariate probability distributions, the preliminary analysisof a large -scale set of data, princ iple component and factor analysis, traditional normal theory material, as well as multidimensional scaling andcluster analysis.Introduction to Multivariate Analysis provides a reasonable blend oftheory and practice. Enough theory is given to introduce the concepts andto make the topics mathematically interesting. In addition the authors discussthe use (and misuse) of the techniques in pra ctice and present appropriatereal-life examples from a variety of areas includ ing agricultural research, soc iology and crim inology. The book should be suitable both for researchworkers and as a text for students taking a course on multivariate analysis. | ||
| 650 |
_2Mathematics _aStatistics _930774 |
||
| 700 |
_aCollins, Alexander J _922761 |
||
| 942 |
_2ddc _cBK |
||
| 999 |
_c221714 _d221714 |
||